Sprachpolitik als Begriff

Guardado en:
Detalles Bibliográficos
Autor principal: Ondrušová, Terézia, 1978-
Formato: Capítulo de libro
Lenguaje:alemán
Materias:
Etiquetas: Agregar Etiqueta
Sin Etiquetas, Sea el primero en etiquetar este registro!

MARC

LEADER 00000naa a2200000 4500
001 0250485
005 20250207094016.4
041 0 |a ger 
044 |a SK 
245 1 0 |a Sprachpolitik als Begriff  |c Terézia Ondrušová 
610 2 0 |a jazyky cudzie 
610 2 0 |a komunikácia 
610 2 0 |a nemčina 
610 2 0 |a politika 
100 1 |a Ondrušová, Terézia, 1978-